Study on the influence of work life balance on employee satisfaction organizational commitment and quality of work life / (Record no. 231751)
[ view plain ]
| 000 -LEADER | |
|---|---|
| fixed length control field | 00667nam a22001817a 4500 |
| 003 - CONTROL NUMBER IDENTIFIER | |
| control field | OSt |
| 005 - DATE AND TIME OF LATEST TRANSACTION | |
| control field | 20240905113937.0 |
| 008 - FIXED-LENGTH DATA ELEMENTS--GENERAL INFORMATION | |
| fixed length control field | 240905b ||||| |||| 00| 0 eng d |
| 040 ## - CATALOGING SOURCE | |
| Transcribing agency | AIMIT LIBRARY |
| 100 ## - MAIN ENTRY--PERSONAL NAME | |
| Personal name | Priyanka. |
| Relator term | 2216148 |
| 9 (RLIN) | 178789 |
| 245 ## - TITLE STATEMENT | |
| Title | Study on the influence of work life balance on employee satisfaction organizational commitment and quality of work life / |
| Statement of responsibility, etc. | By Priyanka ; Guided by Swapna Rose. |
| 260 ## - PUBLICATION, DISTRIBUTION, ETC. | |
| Place of publication, distribution, etc. | kalaburgi ; |
| Date of publication, distribution, etc. | 2024. |
| 650 ## - SUBJECT ADDED ENTRY--TOPICAL TERM | |
| Topical term or geographic name entry element | Literature review |
| 9 (RLIN) | 178790 |
| 650 ## - SUBJECT ADDED ENTRY--TOPICAL TERM | |
| Topical term or geographic name entry element | Research methodology |
| 9 (RLIN) | 178791 |
| 700 ## - ADDED ENTRY--PERSONAL NAME | |
| Personal name | Rose, Swapna. |
| Relator term | Guide |
| 9 (RLIN) | 178792 |
| 856 ## - ELECTRONIC LOCATION AND ACCESS | |
| Materials specified | Medicare multispeciality hospital Dargaroad Kalaburgi. |
| 942 ## - ADDED ENTRY ELEMENTS (KOHA) | |
| Source of classification or shelving scheme | Dewey Decimal Classification |
| Koha item type | Project Report |
| Withdrawn status | Lost status | Source of classification or shelving scheme | Damaged status | Not for loan | Collection code | Home library | Current library | Shelving location | Date acquired | Total Checkouts | Barcode | Date last seen | Copy number | Price effective from | Koha item type |
|---|---|---|---|---|---|---|---|---|---|---|---|---|---|---|---|
| Dewey Decimal Classification | Not for loan | Project Report MBA | St Aloysius Institute of Management & Information Technology | St Aloysius Institute of Management & Information Technology | Dissertations | 09/05/2024 | PRB02360 | 09/05/2024 | 2216148 | 09/05/2024 | Project Report |